000 00982nac a22003137a 4500
001 BR9902205
003 BR-BrBNA
005 20240105122222.0
008 230509b bl.|||m| |||| 00| 0 por d
040 _aBR-BrBNA
_bpor
_cBiblioteca Nacional de Agricultura
072 _aL01
090 _a6000 BR9902205
100 1 _aAbreu, P.G. de
100 1 _aAbreu, V.M.N.
100 1 _aPerdomo, C.C.
100 1 _aBaeta, F. da C.
110 1 _aCentro Nacional de Pesquisa de Suinos e Aves, Concordia, SC (Brasil)
245 1 _aSistemas de aquecimento para criacao de aves
260 3 _aConcordia, SC (Brasil):
_c1998.
300 _a35 p.
490 _aCircular Tecnica - Centro Nacional de Pesquisa de Suinos e Aves (Brazil)
_vno. 20
_x
500 _a7 tables; 6 illus.; 30 ref.
650 _aAve Domestica
650 _aCriacao
650 _aAquecimento
650 _aInstalacao para Animal
909 _a202312
_bLúcia Elande
_c55
_dLúcia Elande
942 _2AGRIS
_n0
_cMS
999 _c289850
_d289850